00878cam a22002417a 4500003000500000005001700005008004100022010001000063011001000073035001000083040000900093100002400102245011900126260012200245300002100367410005100388490003100439650003900470650003200509650001300541810005100554830003100605CHAP20220329142037.0990416d1996 mx r 00010 spa d a77512 a78484 a88458 cCHAP00aEspinoza, Mónica.13aLa ética en los programas de enseñanza de administración pública en Estados Unidosc/por Mónica Espinoza aMéxico, D.F. :bCentro de Investigación y Docencia Económicas. División de Administración Pública,c1966. a26 h. :bcuadros2 aCIDE. División de Administración Pública 0aDocumento de trabajov; 3914aAdministración públicazE.U.A.14aEnseñanzaxMetodología.14aÉtica.00aCIDE. División de Administración Pública0 aDocumento de trabajov; 39